Library of the University of Algiers 3
Ibrahim Sultan Cheibout
شعار جامعة الجزائر 3
مكتبة جامعة الجزائر 3
إبراهيم سلطان شيبوط

شرح التنظيم القانوني للضريبة العامة على المبيعات ولائحته التنفيذية / (رقم التسجيلة. 45666)

تفاصيل مارك
000 -LEADER
fixed length control field 00957nam a2200205Ia 4500
003 - CONTROL NUMBER IDENTIFIER
control field Ost
005 - DATE AND TIME OF LATEST TRANSACTION
control field 20260507075654.0
008 - FIXED-LENGTH DATA ELEMENTS--GENERAL INFORMATION
fixed length control field 260507s9999||||xx |||||||||||||| ||und||
040 ## - CATALOGING SOURCE
Transcribing agency fsecg
041 ## - LANGUAGE CODE
Language code of text/sound track or separate title ara
082 ## - DEWEY DECIMAL CLASSIFICATION NUMBER
Classification number 332.271
100 ## - MAIN ENTRY--PERSONAL NAME
Personal name ابراهيم، أحمد عبد اللطيف
Relator term مؤلف
245 #0 - TITLE STATEMENT
Title شرح التنظيم القانوني للضريبة العامة على المبيعات ولائحته التنفيذية /
Statement of responsibility, etc. أحمد عبد اللطيف ابراهيم
260 ## - PUBLICATION, DISTRIBUTION, ETC.
Place of publication, distribution, etc. القاهرة:
Name of publisher, distributor, etc. المكتب الثقافي;دار الأسماح,
Date of publication, distribution, etc. 2004
300 ## - PHYSICAL DESCRIPTION
Extent 177 صفحة؛
Other physical details إيضاحات ؛
Dimensions 24 سم
520 ## - SUMMARY, ETC.
Summary, etc. شرح المادة السادسة والعشرون إلى غاية الأربعون شرح المادة الحادية والأربعون إلى غاية الحادية والخمسون
653 ## - INDEX TERM--UNCONTROLLED
Uncontrolled term القانون التجاري
653 ## - INDEX TERM--UNCONTROLLED
Uncontrolled term المبيعات- الضرائب
942 ## - ADDED ENTRY ELEMENTS (KOHA)
Koha item type كتب

لا توجد مواد متاحة.

موارد الويب المفتوحة


© University of Algiers 3 All Rights Reserved
|
Implemented by LECHELAH Riad